| 000 | 01430cam a2200325M 4500 | ||
|---|---|---|---|
| 001 | groofestival00arag | ||
| 003 | CaSfIA | ||
| 005 | 20210118091225.0 | ||
| 007 | cr|||| | ||
| 008 | 091215s1993 nyu 000 u eng d | ||
| 040 |
_aDKDLA _bdan _cDKDLA _dCaSfIA |
||
| 020 | _a0871359952 | ||
| 020 | _a9780871359957 | ||
| 035 | _a(OCoLC)488940769 | ||
| 084 |
_a83.8 _2z |
||
| 100 | 1 | _aAragonés, Sergio. | |
| 245 | 1 | 4 |
_aThe Groo festival / _h[electronic resource] _cwriter/artist: Sergio Aragonés ; traductor, aide, adjudant, traditionist: Mark Evanier ; letterer: Stan Sakai. |
| 250 | _a1. printing. | ||
| 260 |
_aNew York : _bEpic, _c1993. |
||
| 300 |
_aCa. 90 sider : _balle ill. i farver. |
||
| 500 | _aTegneserie. | ||
| 534 | _pTidligere udgivet i enkelthæfter: Groo the wanderer, nr. 21-24. | ||
| 700 | 1 | _aEvanier, Mark. | |
| 029 | 0 |
_aDKDLA _b37354918 |
|
| 856 | 4 | 1 |
_uhttp://www.archive.org/details/groofestival00arag _zFree eBook from the Internet Archive |
| 856 | 4 | 2 |
_uhttp://www.openlibrary.org/books/OL24450147M _zAdditional information and access via Open Library |
| 942 | _cEB | ||
| 506 | _fНеобхідна авторизація на https://archive.org/ (створення облікового запису безкоштовно) | ||
| 506 | _fНеобхідна авторизація на https://openlibrary.org/ (створення облікового запису безкоштовно) | ||
| 999 |
_c503642 _d503642 |
||